[Event "XLV Badalona Open 2019"]
[Site "Badalona"]
[Date "2019.08.03"]
[Round "2.5"]
[White "Sreeshwan Maralakshikari"]
[Black "Della Morte, Pablo"]
[Result "0-1"]
[WhiteElo "2461"]
[BlackElo "2289"]
[Annotator "ChessBase"]
[PlyCount "80"]
[EventDate "2019.08.02"]
[EventType "swiss"]
[EventCountry "ESP"]
[SourceTitle "playchess.com"]
[Source "ChessBase"]
[SourceQuality "1"]
[TimeControl "5400+30"]

1. d4 {[%emt 0:00:00]} Nf6 {[%emt 0:00:03]} 2. c4 {[%emt 0:00:02]} e6 {[%emt 0:00:05]} 3. Nc3 {[%emt 0:00:04]} Bb4 {[%emt 0:00:39]} 4. e3 {[%emt 0:00:06]} b6 {[%emt 0:00:29]} 5. Bd3 Bb7 {[%emt 0:00:06]} 6. Nf3 {[%emt 0:00:33]} O-O {[%emt 0:01:00]} 7. O-O {[%emt 0:09:07]} Re8 {[%emt 0:00:21]} 8. Bd2 d6 9. a3 {[%emt 0:02:37]} Bxc3 {[%emt 0:00:38]} 10. Bxc3 {[%emt 0:04:10]} Nbd7 {[%emt 0:00:45]} 11. Nd2 {[%emt 0:00:54]} e5 {[%emt 0:01:48]} 12. d5 {[%emt 0:04:41]} b5 {[%emt 0:04:21]} 13. e4 {[%emt 0:00:04]} Nc5 {[%emt 0:01:51]} 14. Qe2 bxc4 {[%emt 0:00:54]} 15. Nxc4 {[%emt 0:14:26]} Nxd3 {[%emt 0:00:30]} 16. Qxd3 {[%emt 0:00:07]} Ba6 {[%emt 0:08:24]} 17. Rfc1 {[%emt 0:44:19]} c6 {[%emt 0:19:46]} 18. Bb4 {[%emt 0:00:03]} cxd5 {[%emt 0:07:09]} 19. exd5 {[%emt 0:00:35]} Qd7 {[%emt 0:12:13]} 20. b3 {[%emt 0:00:23]} Rac8 {[%emt 0:09:01]} 21. Rc3 {[%emt 0:04:35]} Qg4 {[%emt 0:03:59]} 22. Bxd6 {[%emt 0:05:40]} Rcd8 {[%emt 0:02:48]} 23. Qc2 {[%emt 0:00:44]} Nxd5 {[%emt 0:04:15]} 24. Rg3 {[%emt 0:00:26]} Qe6 {[%emt 0:00:00]} 25. Bc5 {[%emt 0:00:30]} Nf4 {[%emt 0:00:35]} 26. Re1 {[%emt 0:00:33]} Bxc4 {[%emt 0:00:30]} 27. bxc4 {[%emt 0:00:30]} Rc8 {[%emt 0:01:05]} 28. Bxa7 {[%emt 0:02:01]} Rxc4 {[%emt 0:00:30]} 29. Qb2 {[%emt 0:00:30]} h5 {[%emt 0:00:22]} 30. Rge3 {[%emt 0:03:03]} Qc6 {[%emt 0:01:07]} 31. Rf3 {[%emt 0:00:30]} Nxg2 {[%emt 0:01:32]} 32. Kxg2 {[%emt 0:01:12]} Rg4+ {[%emt 0:00:00]} 33. Kf1 Qxf3 {[%emt 0:00:47]} 34. Qb5 {[%emt 0:00:46]} Re6 {[%emt 0:00:30]} 35. Re3 {[%emt 0:00:26]} Qd1+ {[%emt 0:00:18]} 36. Re1 {[%emt 0:00:03]} Rg1+ {[%emt 0:00:14]} 37. Kxg1 {[%emt 0:00:30]} Qxe1+ {[%emt 0:00:30]} 38. Kg2 {[%emt 0:00:00]} Rg6+ {[%emt 0:00:00]} 39. Kf3 {[%emt 0:00:00]} Rg4 {[%emt 0:02:47]} 40. Qe8+ {[%emt 0:00:20]} Kh7 {[%emt 0:00:30]} 0-1

[Event "XLV Badalona Open 2019"]
[Site "Badalona"]
[Date "2019.08.03"]
[Round "2.6"]
[White "Berdayes Ason, Dylan Isidro"]
[Black "Alexieva, Silvia"]
[Result "1-0"]
[WhiteElo "2461"]
[BlackElo "2273"]
[Annotator "ChessBase"]
[PlyCount "135"]
[EventDate "2019.08.02"]
[EventType "swiss"]
[EventCountry "ESP"]
[SourceTitle "playchess.com"]
[Source "ChessBase"]
[SourceQuality "1"]
[TimeControl "5400+30"]

1. e4 {[%emt 0:00:00]} d6 2. d4 {[%emt 0:00:00]} Nf6 {[%emt 0:00:00]} 3. Nc3 {[%emt 0:00:00]} e5 {[%emt 0:00:00]} 4. Nf3 {[%emt 0:00:10]} Nbd7 {[%emt 0:00:11]} 5. Bc4 {[%emt 0:00:36]} Be7 {[%emt 0:00:19]} 6. O-O {[%emt 0:00:05]} O-O {[%emt 0:00:15]} 7. a4 {[%emt 0:00:08]} a6 {[%emt 0:00:17]} 8. a5 {[%emt 0:00:37]} h6 9. h3 {[%emt 0:00:03]} exd4 {[%emt 0:01:40]} 10. Nxd4 {[%emt 0:00:03]} Ne5 {[%emt 0:00:12]} 11. Ba2 {[%emt 0:00:03]} c5 {[%emt 0:01:59]} 12. Nde2 {[%emt 0:02:23]} Nc6 {[%emt 0:07:10]} 13. Nf4 {[%emt 0:00:21]} Nxa5 {[%emt 0:00:12]} 14. Ng6 {[%emt 0:00:09]} Re8 {[%emt 0:03:09]} 15. Bf4 {[%emt 0:06:02]} Nc6 {[%emt 0:04:09]} 16. Nxe7+ {[%emt 0:02:51]} Rxe7 {[%emt 0:19:32]} 17. Qxd6 {[%emt 0:30:17]} Be6 {[%emt 0:00:37]} 18. Bxe6 Rxe6 {[%emt 0:00:06]} 19. Qxd8+ {[%emt 0:01:12]} Rxd8 {[%emt 0:05:39]} 20. f3 {[%emt 0:03:01]} Nb4 {[%emt 0:04:20]} 21. Rf2 {[%emt 0:04:25]} b6 {[%emt 0:03:15]} 22. Rd1 {[%emt 0:00:02]} Rxd1+ {[%emt 0:02:49]} 23. Nxd1 {[%emt 0:01:59]} Re7 {[%emt 0:00:38]} 24. Rd2 {[%emt 0:00:06]} Rd7 25. Rxd7 {[%emt 0:00:36]} Nxd7 {[%emt 0:00:34]} 26. Ne3 {[%emt 0:01:40]} f6 {[%emt 0:04:19]} 27. Bc7 {[%emt 0:00:14]} Kf7 {[%emt 0:00:00]} 28. Kf1 {[%emt 0:01:00]} b5 {[%emt 0:06:41]} 29. Ke2 {[%emt 0:08:00]} Nc6 {[%emt 0:02:26]} 30. Kd2 {[%emt 0:02:18]} Ne7 {[%emt 0:00:39]} 31. h4 {[%emt 0:01:49]} h5 {[%emt 0:03:06]} 32. Bd6 {[%emt 0:01:21]} Nc8 {[%emt 0:00:04]} 33. Bh2 {[%emt 0:11:29]} Ne7 {[%emt 0:00:30]} 34. Bd6 {[%emt 0:00:30]} Nc8 {[%emt 0:00:00]} 35. Bc7 {[%emt 0:00:18]} Ne7 {[%emt 0:00:19]} 36. c4 {[%emt 0:06:37]} Ng6 {[%emt 0:08:58]} 37. Bg3 {[%emt 0:01:06]} Nge5 {[%emt 0:01:48]} 38. b3 {[%emt 0:03:37]} b4 {[%emt 0:05:08]} 39. Nf5 {[%emt 0:01:11]} Nc6 {[%emt 0:00:42]} 40. Bf2 {[%emt 0:00:12]} Na5 {[%emt 0:00:11]} 41. Kc2 {[%emt 0:03:34]} g6 {[%emt 0:03:25]} 42. Ne3 {[%emt 0:00:29]} Nb7 {[%emt 0:01:24]} 43. Nd5 {[%emt 0:01:13]} a5 {[%emt 0:02:56]} 44. Bg3 {[%emt 0:04:04]} Nf8 {[%emt 0:00:30]} 45. Nf4 {[%emt 0:00:25]} Nd7 {[%emt 0:02:52]} 46. Bf2 {[%emt 0:00:16]} Nb6 {[%emt 0:00:04]} 47. Nd3 Nd7 {[%emt 0:00:06]} 48. Be3 {[%emt 0:02:27]} Ke6 {[%emt 0:00:56]} 49. Kd2 {[%emt 0:00:32]} f5 {[%emt 0:00:04]} 50. exf5+ {[%emt 0:01:50]} Kxf5 {[%emt 0:00:54]} 51. Kc2 {[%emt 0:00:52]} Ke6 {[%emt 0:01:19]} 52. Nf2 {[%emt 0:00:13]} Kd6 {[%emt 0:00:23]} 53. Ne4+ {[%emt 0:00:18]} Kc6 {[%emt 0:00:00]} 54. Bf4 {[%emt 0:00:30]} a4 {[%emt 0:00:49]} 55. bxa4 {[%emt 0:00:27]} Nb6 {[%emt 0:00:30]} 56. Nd2 {[%emt 0:00:30]} Nxa4 {[%emt 0:02:23]} 57. g4 {[%emt 0:00:31]} Na5 {[%emt 0:01:46]} 58. Be5 {[%emt 0:00:04]} Nb6 {[%emt 0:00:09]} 59. Kd3 Nd7 {[%emt 0:00:22]} 60. Bg7 {[%emt 0:01:32]} Kd6 {[%emt 0:01:54]} 61. Ne4+ Ke6 62. gxh5 {[%emt 0:01:46]} gxh5 {[%emt 0:00:32]} 63. Ng3 {[%emt 0:00:53]} Nb6 {[%emt 0:00:55]} 64. Nxh5 {[%emt 0:00:55]} Nbxc4 {[%emt 0:01:16]} 65. Ng3 {[%emt 0:00:05]} Nd6 {[%emt 0:00:30]} 66. h5 {[%emt 0:00:30]} c4+ {[%emt 0:00:30]} 67. Kc2 {[%emt 0:00:30]} Nf5 {[%emt 0:01:14]} 68. h6 {[%emt 0:01:19]} 1-0

[Event "XLV Badalona Open 2019"]
[Site "Badalona"]
[Date "2019.08.03"]
[Round "2.7"]
[White "Midoux, Sebastien"]
[Black "Valderrama Quiceno, Esteban Alb"]
[Result "1/2-1/2"]
[WhiteElo "2242"]
[BlackElo "2423"]
[Annotator "ChessBase"]
[PlyCount "101"]
[EventDate "2019.08.02"]
[EventType "swiss"]
[EventCountry "ESP"]
[SourceTitle "playchess.com"]
[Source "ChessBase"]
[SourceQuality "1"]
[TimeControl "5400+30"]

1. c4 {[%emt 0:02:20]} g6 {[%emt 0:13:34]} 2. Nc3 {[%emt 0:00:51]} Bg7 {[%emt 0:02:11]} 3. d4 {[%emt 0:00:18]} d6 {[%emt 0:00:45]} 4. e4 {[%emt 0:07:08]} c6 {[%emt 0:02:04]} 5. h3 {[%emt 0:03:09]} a6 {[%emt 0:00:34]} 6. Nf3 {[%emt 0:10:56]} Nf6 {[%emt 0:04:57]} 7. Be3 {[%emt 0:20:48]} O-O {[%emt 0:02:54]} 8. a4 {[%emt 0:01:29]} a5 {[%emt 0:01:22]} 9. Be2 Na6 {[%emt 0:00:10]} 10. O-O {[%emt 0:00:47]} Nd7 {[%emt 0:00:58]} 11. Qd2 {[%emt 0:07:26]} e5 {[%emt 0:04:26]} 12. Rad1 {[%emt 0:01:17]} exd4 {[%emt 0:01:34]} 13. Bxd4 {[%emt 0:03:16]} Bxd4 {[%emt 0:01:51]} 14. Qxd4 {[%emt 0:09:27]} Qb6 {[%emt 0:00:08]} 15. Qxb6 {[%emt 0:00:30]} Nxb6 {[%emt 0:00:38]} 16. Rxd6 {[%emt 0:02:12]} Nc5 {[%emt 0:02:11]} 17. b3 {[%emt 0:02:35]} Re8 {[%emt 0:11:46]} 18. Bd3 Nxd3 {[%emt 0:00:06]} 19. Rxd3 {[%emt 0:01:29]} Nd7 {[%emt 0:01:25]} 20. Re3 {[%emt 0:06:37]} Nc5 {[%emt 0:03:44]} 21. e5 {[%emt 0:00:12]} Bf5 22. Nd4 {[%emt 0:00:07]} Bd3 {[%emt 0:02:49]} 23. Rd1 Rad8 {[%emt 0:00:28]} 24. Rexd3 {[%emt 0:00:56]} Nxd3 {[%emt 0:00:30]} 25. Rxd3 {[%emt 0:00:05]} Rxe5 {[%emt 0:20:18]} 26. Re3 {[%emt 0:00:47]} f6 {[%emt 0:00:30]} 27. Rxe5 {[%emt 0:00:30]} fxe5 {[%emt 0:00:54]} 28. Nde2 {[%emt 0:00:46]} Rd2 {[%emt 0:00:58]} 29. g4 {[%emt 0:00:09]} Rb2 {[%emt 0:09:50]} 30. Nc1 {[%emt 0:01:53]} Kf7 {[%emt 0:02:59]} 31. Kg2 {[%emt 0:00:28]} Ke7 {[%emt 0:01:08]} 32. Kf3 {[%emt 0:00:30]} Rc2 {[%emt 0:02:03]} 33. N3e2 {[%emt 0:00:47]} Rd2 {[%emt 0:00:39]} 34. Ke3 {[%emt 0:00:12]} Rd1 {[%emt 0:01:26]} 35. Nd3 {[%emt 0:03:38]} Rh1 {[%emt 0:00:24]} 36. Nxe5 {[%emt 0:06:03]} Rb1 {[%emt 0:00:56]} 37. Nd4 {[%emt 0:00:01]} c5 {[%emt 0:00:30]} 38. Nb5 {[%emt 0:00:30]} Rxb3+ {[%emt 0:00:36]} 39. Nd3 {[%emt 0:00:15]} b6 {[%emt 0:02:02]} 40. Ke4 {[%emt 0:02:34]} Rb1 {[%emt 0:02:09]} 41. f4 {[%emt 0:00:25]} Rh1 {[%emt 0:00:51]} 42. Nc3 {[%emt 0:00:26]} Rxh3 {[%emt 0:00:30]} 43. Nd5+ {[%emt 0:03:21]} Kd6 {[%emt 0:00:12]} 44. g5 {[%emt 0:01:33]} Rh2 {[%emt 0:00:30]} 45. Nxb6 {[%emt 0:00:30]} Re2+ {[%emt 0:00:30]} 46. Kf3 {[%emt 0:00:30]} Ra2 {[%emt 0:00:30]} 47. Ne5 {[%emt 0:00:30]} Rb2 {[%emt 0:01:01]} 48. Nd5 {[%emt 0:00:46]} Ra2 {[%emt 0:00:05]} 49. Nb6 {[%emt 0:00:30]} Rb2 {[%emt 0:00:05]} 50. Nd5 {[%emt 0:02:05]} Ra2 {[%emt 0:00:51]} 51. Nb6 1/2-1/2

[Event "XLV Badalona Open 2019"]
[Site "Badalona"]
[Date "2019.08.03"]
[Round "2.8"]
[White "Valero Recalde, Pablo"]
[Black "Walter Travella, German"]
[Result "0-1"]
[WhiteElo "1714"]
[BlackElo "1940"]
[Annotator "NA"]
[PlyCount "63"]
[EventDate "2019.08.02"]
[EventType "swiss"]
[EventCountry "ESP"]
[SourceTitle "playchess.com"]
[Source "ChessBase"]
[SourceQuality "1"]
[TimeControl "5400+30"]

1. d4 {[%emt 0:02:51]} Nf6 {[%emt 0:01:31]} 2. Nc3 {[%emt 0:00:34]} d5 {[%emt 0:03:08]} 3. Bf4 {[%emt 0:00:40]} c6 {[%emt 0:03:10]} 4. e3 {[%emt 0:00:48]} Bf5 {[%emt 0:01:33]} 5. f3 e6 {[%emt 0:00:12]} 6. g4 {[%emt 0:01:11]} Bg6 {[%emt 0:01:59]} 7. h4 {[%emt 0:00:19]} h6 8. h5 Bh7 {[%emt 0:00:58]} 9. Bd3 {[%emt 0:00:33]} Bd6 {[%emt 0:01:04]} 10. Nge2 {[%emt 0:05:22]} Qc7 11. Qd2 e5 {[%emt 0:06:03]} 12. dxe5 {[%emt 0:00:55]} Bxe5 13. O-O-O {[%emt 0:08:17]} Nbd7 {[%emt 0:01:54]} 14. Bxh7 {[%emt 0:03:39]} Nxh7 {[%emt 0:09:47]} 15. Nd4 {[%emt 0:11:00]} O-O {[%emt 0:02:19]} 16. Rdg1 {[%emt 0:08:30]} Qa5 17. Bxe5 Nxe5 {[%emt 0:00:39]} 18. f4 {[%emt 0:00:50]} Nc4 {[%emt 0:04:26]} 19. Qd3 {[%emt 0:05:01]} Rfe8 {[%emt 0:16:25]} 20. Nf5 {[%emt 0:22:12]} f6 {[%emt 0:02:50]} 21. Rg3 {[%emt 0:03:15]} b5 {[%emt 0:07:06]} 22. Nd4 {[%emt 0:03:46]} Qb6 {[%emt 0:02:54]} 23. Nf5 {[%emt 0:01:20]} Rad8 {[%emt 0:03:49]} 24. Rhg1 {[%emt 0:01:59]} b4 {[%emt 0:03:07]} 25. Na4 {[%emt 0:01:23]} Qa5 26. Qb3 {[%emt 0:00:48]} Re4 {[%emt 0:02:19]} 27. Nd4 {[%emt 0:00:45]} Rd6 {[%emt 0:02:51]} 28. f5 {[%emt 0:03:43]} Nf8 {[%emt 0:04:46]} 29. Ne2 {[%emt 0:08:46]} c5 {[%emt 0:02:33]} 30. Nf4 {[%emt 0:02:14]} Nxe3 {[%emt 0:00:21]} 31. Rxe3 c4 32. Nxd5 0-1

[Event "XLV Badalona Open 2019"]
[Site "Badalona"]
[Date "2019.08.03"]
[Round "2.9"]
[White "Gisbert Mir, Alfonso"]
[Black "Ankit, Dalal"]
[Result "1/2-1/2"]
[WhiteElo "1936"]
[BlackElo "1680"]
[Annotator "NA"]
[PlyCount "55"]
[EventDate "2019.08.02"]
[EventType "swiss"]
[EventCountry "ESP"]
[SourceTitle "playchess.com"]
[Source "ChessBase"]
[SourceQuality "1"]
[TimeControl "5400+30"]

1. d4 {[%emt 0:00:00]} d5 {[%emt 0:00:00]} 2. c4 {[%emt 0:00:00]} c6 {[%emt 0:00:00]} 3. cxd5 {[%emt 0:01:07]} cxd5 {[%emt 0:00:00]} 4. Nc3 {[%emt 0:00:18]} Nf6 {[%emt 0:01:01]} 5. Bf4 {[%emt 0:01:30]} e6 {[%emt 0:03:11]} 6. e3 {[%emt 0:02:05]} Be7 {[%emt 0:00:46]} 7. Bd3 {[%emt 0:01:37]} O-O {[%emt 0:00:30]} 8. Nf3 {[%emt 0:00:37]} a6 {[%emt 0:08:54]} 9. O-O {[%emt 0:05:15]} Nbd7 {[%emt 0:00:30]} 10. Ne5 {[%emt 0:03:02]} Nxe5 {[%emt 0:06:18]} 11. Bxe5 {[%emt 0:02:55]} b5 {[%emt 0:02:01]} 12. a3 {[%emt 0:00:30]} Bb7 {[%emt 0:00:38]} 13. Rc1 {[%emt 0:02:42]} Rc8 {[%emt 0:03:22]} 14. f4 {[%emt 0:12:02]} Ne4 {[%emt 0:00:09]} 15. Bxe4 {[%emt 0:03:51]} dxe4 {[%emt 0:00:30]} 16. f5 f6 {[%emt 0:12:54]} 17. Bg3 {[%emt 0:02:01]} exf5 {[%emt 0:00:02]} 18. Rxf5 {[%emt 0:04:43]} g6 {[%emt 0:04:30]} 19. Rf1 Bd6 {[%emt 0:00:05]} 20. Bxd6 {[%emt 0:07:56]} Qxd6 {[%emt 0:00:27]} 21. Qg4 {[%emt 0:02:57]} f5 {[%emt 0:00:30]} 22. Qg5 {[%emt 0:08:08]} Kg7 {[%emt 0:09:04]} 23. Qh4 {[%emt 0:02:38]} Rc4 {[%emt 0:01:27]} 24. g4 {[%emt 0:00:30]} f4 {[%emt 0:16:41]} 25. g5 {[%emt 0:07:14]} fxe3 {[%emt 0:06:39]} 26. Nxe4 {[%emt 0:01:44]} Rxc1 {[%emt 0:06:49]} 27. Rxc1 {[%emt 0:00:29]} Bxe4 28. Qxe4 1/2-1/2

[Event "XLV Badalona Open 2019"]
[Site "Badalona"]
[Date "2019.08.03"]
[Round "2.10"]
[White "Moncada Correa, Sara"]
[Black "Sanz Ogaya, Mario"]
[Result "*"]
[WhiteElo "1909"]
[BlackElo "1945"]
[Annotator "NA"]
[PlyCount "30"]
[EventDate "2019.08.02"]
[EventType "swiss"]
[EventCountry "ESP"]
[SourceTitle "playchess.com"]
[Source "ChessBase"]
[SourceQuality "1"]
[TimeControl "5400+30"]

1. e4 c5 2. Nc3 g6 3. f4 Bg7 4. Nf3 e6 5. e5 Nh6 6. g3 O-O 7. Bg2 d6 8. O-O Nc6 9. exd6 Qxd6 10. Ne4 Qe7 11. d3 b6 12. Ne5 Bb7 13. g4 Nxe5 14. fxe5 Bxe4 15. Bxe4 Rad8 *

[Event "XLV Badalona Open 2019"]
[Site "Badalona"]
[Date "2019.08.03"]
[Round "2.10"]
[White "Alvaro Hermosa, Ramon"]
[Black "Sanz Ogaya, Mario"]
[Result "0-1"]
[WhiteElo "1627"]
[BlackElo "1945"]
[Annotator "NA"]
[PlyCount "62"]
[EventDate "2019.08.02"]
[EventType "swiss"]
[EventCountry "ESP"]
[SourceTitle "playchess.com"]
[Source "ChessBase"]
[SourceQuality "1"]
[TimeControl "5400+30"]

1. e4 c5 2. Nc3 g6 3. f4 Bg7 4. Nf3 e6 5. e5 Nh6 6. g3 O-O 7. Bg2 d6 8. O-O Nc6 9. exd6 Qxd6 10. Ne4 Qe7 11. d3 b6 12. Ne5 Bb7 13. g4 Nxe5 14. fxe5 Bxe4 15. Bxe4 Rad8 16. Qf3 Qh4 17. Bxh6 Qxh6 18. Qg3 Qg5 19. h4 Qxe5 20. Qxe5 Bxe5 21. Rab1 f5 22. Bf3 Bd6 23. Rbe1 Kf7 24. Kg2 Be7 25. Kh3 Bf6 26. b3 Rd4 27. Re2 Re8 28. Rfe1 e5 29. Kg3 fxg4 30. Bxg4 h5 31. Bh3 Bxh4+ 0-1

[Event "XLV Badalona Open 2019"]
[Site "Badalona"]
[Date "2019.08.04"]
[Round "3.2"]
[White "Barbero Sendic, Alejandro"]
[Black "Oliva Castaneda, Kevel"]
[Result "1/2-1/2"]
[WhiteElo "2348"]
[BlackElo "2467"]
[Annotator "ChessBase"]
[PlyCount "60"]
[EventDate "2019.08.02"]
[EventType "swiss"]
[EventCountry "ESP"]
[SourceTitle "playchess.com"]
[Source "ChessBase"]
[SourceQuality "1"]
[TimeControl "5400+30"]

1. e4 c5 {[%emt 0:00:00]} 2. Nf3 {[%emt 0:02:41]} e6 {[%emt 0:00:00]} 3. d4 {[%emt 0:00:08]} cxd4 {[%emt 0:00:00]} 4. Nxd4 Nc6 {[%emt 0:00:00]} 5. Nc3 {[%emt 0:00:15]} Qc7 6. g3 {[%emt 0:00:41]} a6 {[%emt 0:00:09]} 7. Bg2 {[%emt 0:00:10]} d6 {[%emt 0:00:00]} 8. Nxc6 {[%emt 0:00:03]} bxc6 {[%emt 0:00:52]} 9. O-O {[%emt 0:02:54]} Bb7 {[%emt 0:01:28]} 10. Na4 {[%emt 0:01:41]} Nf6 {[%emt 0:02:32]} 11. b3 {[%emt 0:00:38]} Be7 {[%emt 0:00:38]} 12. Bb2 {[%emt 0:00:12]} O-O {[%emt 0:00:11]} 13. c4 {[%emt 0:03:55]} c5 {[%emt 0:00:21]} 14. e5 {[%emt 0:00:09]} dxe5 {[%emt 0:00:27]} 15. Bxb7 {[%emt 0:00:20]} Qxb7 {[%emt 0:02:34]} 16. Bxe5 {[%emt 0:01:54]} Qc6 {[%emt 0:03:03]} 17. Qe2 {[%emt 0:00:47]} Nd7 {[%emt 0:03:51]} 18. Bb2 {[%emt 0:06:20]} Rfd8 {[%emt 0:03:00]} 19. Rae1 Bf6 {[%emt 0:00:05]} 20. Bxf6 {[%emt 0:16:16]} Nxf6 {[%emt 0:00:20]} 21. Qe5 {[%emt 0:03:18]} Rac8 {[%emt 0:01:39]} 22. Rd1 {[%emt 0:13:36]} Ne4 {[%emt 0:18:08]} 23. Qf4 {[%emt 0:03:48]} Nd6 {[%emt 0:05:54]} 24. Rfe1 {[%emt 0:00:36]} Nf5 {[%emt 0:00:03]} 25. Rxd8+ {[%emt 0:00:20]} Rxd8 {[%emt 0:00:13]} 26. Qe4 {[%emt 0:25:23]} Qc8 {[%emt 0:00:49]} 27. Kg2 {[%emt 0:01:23]} Rd4 {[%emt 0:00:34]} 28. Qe5 {[%emt 0:02:48]} Qb7+ {[%emt 0:24:45]} 29. f3 {[%emt 0:04:04]} Qb4 30. Re2 Rd2 1/2-1/2

[Event "XLV Badalona Open 2019"]
[Site "Badalona"]
[Date "2019.08.04"]
[Round "3.3"]
[White "Sturt, Raven"]
[Black "Diaz Hernandez, Heriberto"]
[Result "1-0"]
[WhiteElo "2429"]
[BlackElo "2353"]
[Annotator "TA"]
[PlyCount "79"]
[EventDate "2019.08.02"]
[EventType "swiss"]
[EventCountry "ESP"]
[SourceTitle "playchess.com"]
[Source "ChessBase"]
[SourceQuality "1"]

{[%evp 12,79,10,-38,-37,-17,-13,-18,31,0,0,0,0,0,0,0,2,-39,-29,-38,-28,-29,7,0,3,0,0,-23,-9,-14,-6,-13,0,-13,0,0,51,32,45,43,32,22,50,48,480,468,385,460,441,286,412,419,405,412,633,602,593,577,1812,1754,1637,1601,2534,742,1820,1802,1729,1706,4814,4814]} 1. e4 e5 2. Nf3 Nc6 3. Bc4 Bc5 4. b4 Bxb4 5. c3 Be7 6. d4 Na5 7. Be2 exd4 {C51: Evans Gambit: Declined and Accepted without 5...Ba5} (7... d6 8. dxe5 dxe5 9. Qa4+ c6 10. Nxe5 Nf6 11. O-O Qc7 12. f4 b5 13. Qc2 Qb6+ 14. Kh1 O-O 15. Nd2 {1-0 (37) Li,C (2699)-Tang,A (2490) chess.com INT 2019}) 8. cxd4 d5 9. exd5 Bb4+ $146 {The position is equal.} (9... Qxd5 {seems wilder.} 10. O-O Nf6 11. Ne5 O-O 12. Bf3 Qd8) ({Predecessor:} 9... Qxd5 10. O-O Nf6 11. Nc3 Qd8 12. Qa4+ c6 13. Ba3 Bxa3 14. Qxa3 Be6 15. Rfe1 {1-0 (41) Groszpeter,A (2481)-Borosova,Z (2291) Kecskemet 2012}) 10. Bd2 (10. Nbd2 $5 {[%cal Rd1a4]} Qxd5 11. Qa4+ Nc6 12. Rb1 Bxd2+ 13. Bxd2 $11) 10... Bxd2+ 11. Qxd2 b6 12. O-O Ne7 13. Bb5+ Bd7 14. Bxd7+ Qxd7 15. Nc3 O-O 16. Rac1 Rfd8 17. Ne5 Qf5 18. g4 Qc8 19. Qf4 f6 20. Nf3 Ng6 21. Qg3 $1 Qd7 22. Rfe1 Re8 23. g5 Qf5 (23... Rxe1+ $11 24. Rxe1 Kh8) 24. Nb5 $36 {[%cal Bc3b5,Bb5c7,Bc7e6][%mdl 2080] White is pushing.} Rxe1+ 25. Rxe1 c6 26. Nc7 Rd8 27. gxf6 gxf6 $2 {[%mdl 8192]} (27... Qxf6 $14 28. Ng5 cxd5) 28. Ne6 $18 {Hoping for Nh4.} Re8 29. Nh4 Qh5 30. d6 {And now d7 would win.} Nb7 {[#]} (30... Qxh4 $142 31. d7 Ra8) 31. d7 $1 {[%cal Rd7e8]} Rxe6 32. Rxe6 Kf7 (32... Qxh4 $142 33. Re8+ (33. Rxc6 Qxd4 34. Qd6 Qxd6 $14) 33... Kf7) 33. Re4 {Threatens to win with Qc7!White is clearly winning.} Qd5 34. Rg4 Qe6 35. Nxg6 hxg6 36. Rh4 {Intending Rh7+ and mate.} g5 {[#]} 37. Rh8 (37. d8=N+ $142 $1 Nxd8 38. Qc7+ {[%mdl 64] Double Attack} Kg8 39. Qxd8+ Kf7 40. Qc7+ {[%mdl 64] Double Attack} Kg8 41. Qh7+ Kf8 42. Qh8+ Ke7 43. Rh7+ Qf7 44. Rxf7+ Kxf7 45. Qc8) 37... Kg7 38. d8=Q Nxd8 39. Rxd8 g4 40. Qe3 {Accuracy: White = 74%, Black = 32%.} 1-0

[Event "XLV Badalona Open 2019"]
[Site "Badalona"]
[Date "2019.08.04"]
[Round "3.4"]
[White "Rojas Keim, Luis"]
[Black "Berdayes Ason, Dylan Isidro"]
[Result "1-0"]
[WhiteElo "2338"]
[BlackElo "2461"]
[Annotator "ChessBase"]
[PlyCount "67"]
[EventDate "2019.08.02"]
[EventType "swiss"]
[EventCountry "ESP"]
[SourceTitle "playchess.com"]
[Source "ChessBase"]
[SourceQuality "1"]
[TimeControl "5400+30"]

1. e4 d6 2. d4 {[%emt 0:00:00]} Nf6 {[%emt 0:03:47]} 3. Nc3 {[%emt 0:00:00]} g6 {[%emt 0:00:00]} 4. Be3 {[%emt 0:00:04]} c6 {[%emt 0:00:00]} 5. Qd2 Nbd7 {[%emt 0:00:10]} 6. O-O-O {[%emt 0:01:53]} b5 7. f3 {[%emt 0:01:32]} b4 {[%emt 0:00:47]} 8. Nce2 {[%emt 0:02:58]} a5 {[%emt 0:03:25]} 9. Kb1 {[%emt 0:05:10]} Ba6 10. Bh6 {[%emt 0:00:01]} Bxh6 {[%emt 0:02:19]} 11. Qxh6 {[%emt 0:02:17]} Qb6 {[%emt 0:05:33]} 12. Nh3 {[%emt 0:12:26]} a4 13. Nc1 {[%emt 0:00:08]} Bxf1 {[%emt 0:00:38]} 14. Rhxf1 {[%emt 0:04:34]} c5 {[%emt 0:06:01]} 15. dxc5 {[%emt 0:11:22]} Qxc5 {[%emt 0:07:22]} 16. Nf4 {[%emt 0:01:12]} Rc8 {[%emt 0:01:08]} 17. Rd2 {[%emt 0:05:10]} Nb6 {[%emt 0:02:47]} 18. Ncd3 {[%emt 0:03:30]} Qb5 {[%emt 0:07:18]} 19. b3 {[%emt 0:09:16]} Nbd7 {[%emt 0:04:55]} 20. Rfd1 {[%emt 0:13:01]} Nc5 21. Nb2 {[%emt 0:00:05]} axb3 {[%emt 0:09:45]} 22. cxb3 Ncxe4 {[%emt 0:07:09]} 23. fxe4 {[%emt 0:00:38]} Nxe4 {[%emt 0:12:14]} 24. Nd5 {[%emt 0:02:41]} Kd7 {[%emt 0:02:21]} 25. Nc4 {[%emt 0:07:32]} Rc5 {[%emt 0:02:23]} 26. Qg7 {[%emt 0:00:07]} Nxd2+ {[%emt 0:00:48]} 27. Rxd2 Qb8 {[%emt 0:00:02]} 28. Qxf7 {[%emt 0:05:03]} Qf8 {[%emt 0:00:34]} 29. Nf6+ {[%emt 0:05:20]} Kc7 {[%emt 0:03:49]} 30. Nxd6 {[%emt 0:01:41]} Kc6 {[%emt 0:01:54]} 31. Nd7 {[%emt 0:00:32]} Kxd7 {[%emt 0:00:14]} 32. Ne4+ {[%emt 0:00:30]} Kc6 {[%emt 0:00:01]} 33. Qe6+ {[%emt 0:00:34]} Kb5 34. Nxc5 1-0

[Event "XLV Badalona Open 2019"]
[Site "Badalona"]
[Date "2019.08.04"]
[Round "3.5"]
[White "Becerra, Juan David"]
[Black "Perez Mitjans, Orelvis"]
[Result "1/2-1/2"]
[WhiteElo "2327"]
[BlackElo "2416"]
[Annotator "NA"]
[PlyCount "45"]
[EventDate "2019.08.02"]
[EventType "swiss"]
[EventCountry "ESP"]
[SourceTitle "playchess.com"]
[Source "ChessBase"]
[SourceQuality "1"]
[TimeControl "5400+30"]

1. e4 {[%emt 0:05:59]} e5 {[%emt 0:01:03]} 2. Nc3 {[%emt 0:00:14]} Nc6 {[%emt 0:00:06]} 3. g3 Nf6 {[%emt 0:00:07]} 4. Bg2 {[%emt 0:00:34]} Bc5 5. d3 {[%emt 0:00:00]} d6 {[%emt 0:00:49]} 6. Na4 Bb6 {[%emt 0:03:23]} 7. Nxb6 {[%emt 0:00:58]} axb6 {[%emt 0:03:16]} 8. Ne2 d5 {[%emt 0:00:06]} 9. exd5 {[%emt 0:03:22]} Nxd5 {[%emt 0:00:15]} 10. O-O {[%emt 0:01:12]} O-O {[%emt 0:05:27]} 11. h3 {[%emt 0:05:31]} Be6 {[%emt 0:00:52]} 12. Kh2 {[%emt 0:01:38]} Qd7 {[%emt 0:12:54]} 13. a3 {[%emt 0:26:45]} Rfe8 {[%emt 0:04:52]} 14. f4 {[%emt 0:00:02]} exf4 {[%emt 0:00:30]} 15. Nxf4 {[%emt 0:00:30]} Nxf4 {[%emt 0:00:44]} 16. Bxf4 Bd5 {[%emt 0:00:05]} 17. Bxd5 {[%emt 0:24:30]} Qxd5 {[%emt 0:00:30]} 18. Bxc7 Nd4 {[%emt 0:00:13]} 19. Rf2 {[%emt 0:00:33]} Re3 {[%emt 0:00:45]} 20. Bxb6 {[%emt 0:14:03]} Nf3+ {[%emt 0:04:37]} 21. Kg2 {[%emt 0:02:16]} Nh4+ {[%emt 0:00:20]} 22. Kh2 {[%emt 0:00:02]} Nf3+ {[%emt 0:01:04]} 23. Kg2 1/2-1/2